000 00332nam a2200145Ia 4500
008 150201s1988 xx 000 0 und d
082 _a617.525
_bO1988P
100 _aPEDERSON
245 _aORAL SURGERY
250 _a1ST
260 _bSAUNDERS
_aPHILADELPHIA
_c1988
300 _a1-405
650 _aORAL SURGERY
942 _2ddc
_cBK
999 _c3834
_d3834